000 01309nam0a22002891 4500
001 rc\3971590
005 20260407214743.0
021 _aRU
_b[57-1703]
035 _a(NLR Aleph) 008056379
090 _a8974576
_c8974576
100 _a20130415d1956 |||y0rusy50 ca
101 0 _arus
102 _aRU
105 _aa z |||||
200 1 _aИнструкция по определению степени распушки асбеста
_eУтв. 27/VIII 1956 г.
_fМ-во пром-сти строит. материалов СССР. Техн. совет и Техн. упр. Центр. бюро техн. информации
210 _aМосква
_cПромстройиздат
_d1956
215 _a7 с.
_cил.
_d22
225 1 _a[Руководящие указания]
300 _aНа обороте тит. л. авт.: канд. техн. наук Лукошкина Л.А.
606 _aАсбест
_xОбработка
_2psbo
701 1 _aЛукошкина
_bЛ.А.
712 0 1 _aСССР
_bМинистерство промышленности строительных материалов
_bТехническое управление
_3RU\NLR\AUTH\8810144544
_9783523
801 0 _aRU
_bNLR
_gpsbo
801 1 _aRU
_bELAR
_2rusmarc
852 _aNLR
_j57-6/366
942 _cBOOK
980 _aNB